The Roman army from Caesar to Trajan /

Bibliographic Details
Main Author: Simkins, Michael
Format: Book
Language:English
Published: London : Osprey Publishing, 1974
Series:Men-at-arms series ; 46.
Subjects:

MARC

Tag First Indicator Second Indicator Subfields
LEADER 00000cam a2200000 a 4500
001 in00001043607
005 20150928155352.0
008 741218s1974 enkaf b 000 0 eng
010 |a  74193938  
015 |a GB74-15932 
020 |a 0850451914 :  |c £1.25 
035 |a (OCoLC)01230007 
035 |9 AFJ4604AM 
040 |a DLC  |c DLC  |d TXA  |d UtOrBLW 
049 |a TXAS [mil] 
050 0 0 |a U35  |b .S55 
082 0 |a 355/.00937 
090 |a U35  |b .S54 1974 
100 1 |a Simkins, Michael. 
245 1 4 |a The Roman army from Caesar to Trajan /  |c text by Michael Simkins ; colour plates by Ronald Embleton. 
264 1 |a London :  |b Osprey Publishing,  |c 1974 
264 3 |c 1991 printing 
300 |a 40 pages, 8 unnumbered pages of plates :  |b illustrations (some color) ;  |c 25 cm. 
336 |a text  |b txt  |2 rdacontent 
337 |a unmediated  |b n  |2 rdamedia 
338 |a volume  |b nc  |2 rdacarrier 
490 1 |a Men-at-arms series ;  |v 46 
504 |a Bibliography : page 39. 
536 |a From the collection of John R. Hill '44, Dallas, Texas, 1998. 
651 0 |a Rome  |x Army. 
830 0 |a Men-at-arms series ;  |v 46. 
944 |a stk  |h REPL<1824432>REP-LATEST<>REF<nnorthup>  |m Replacement on order 
999 |a MARS 
999 f f |s 59459169-f2ff-3d7f-ba99-843462f1638d  |i 0f6f3783-03f6-3556-a9af-f3a716fc4d02  |t 0 
952 f f |p noncirc  |a Texas A&M University  |b College Station  |c Cushing Memorial Library & Archives  |d Cushing: Ragan Military (Does not check out)  |t 0  |e U35 .S54 1974  |h Library of Congress classification  |i unmediated -- volume 
998 f f |a U35 .S54 1974  |t 0  |l Cushing: Ragan Military (Does not check out)